LEADER 01802nam0-2200481---45-- 001 990000282300203316 005 19970527000000.0 010 $a0-901-502-10-4 035 $a0028230 035 $aUSA010028230 035 $a(ALEPH)000028230USA01 035 $a0028230 100 $a20000902d1997----km-yaita-0103----ba 101 $aeng 102 $aGB 105 $aa|||||||101yy 200 1 $aHard rock hydrosystems$eproceedings of an international symposium (Symposium S2) held during the fifth scientific assembly of the International Association of Hydrological Sciences (IASH) at Rabat, Morocco, from 23 April to 3 May 1997$fEdited by Thierry Pointet 210 $aWallingford$cIAHS Press$d1997 215 $aVII, 168 p.$d25 cm. 225 2 $aIAHS publication$v241 410 0$12001$aIAHS publication 606 $aAcque$bApprovvigionamento$bCongressi$y1997 606 $aMeccanica delle rocce$bCongressi$y1997 676 $a628.13 702 1$aPOINTET,$bThierry 710 02$aINTERNATIONAL ASSOCIATION OF HYDROLOGICAL SCIENCES$bSCIENTIFIC ASSEMBLY$d5.$eRabat, Morocco$f1997$0541963 712 02$aINTERNATIONAL ASSOCIATION OF HYDROLOGICAL SCIENCES 801 0$aIT$bUNPD$c19970527$gRICA 912 $a990000282300203316 951 $a628.13 INT$b12888 Ing.$c628$d00000051 959 $aBK 969 $aTEC 979 $aTAMI$b40$c20001026$lUSA01$h1437 979 $aTAMI$b40$c20001026$lUSA01$h1441 979 $aTAMI$b40$c20001026$lUSA01$h1444 979 $aTAMI$b40$c20001026$lUSA01$h1446 979 $aTAMI$b40$c20001026$lUSA01$h1449 979 $aTAMI$b40$c20001026$lUSA01$h1449 979 $c20001110$lUSA01$h1716 979 $c20020403$lUSA01$h1636 979 $aPATRY$b90$c20040406$lUSA01$h1620 996 $aHard rock hydrosystems$9880638 997 $aUNISA LEADER 02856 am 2200529 n 450 001 9910495949303321 005 20240104030459.0 010 $a2-7574-2111-5 024 7 $a10.4000/books.septentrion.35757 035 $a(CKB)4100000007823723 035 $a(FrMaCLE)OB-septentrion-35757 035 $a(PPN)235361747 035 $a(EXLCZ)994100000007823723 100 $a20190328j|||||||| ||| 0 101 0 $afre 135 $auu||||||m|||| 200 00$aJean-Marie Guyau ou l?éthique sans modèle$fLaurent Muller 210 $aVilleneuve d'Ascq$cPresses universitaires du Septentrion$d2019 215 $a1 online resource (280 p.) 311 $a2-7574-2075-5 330 $aLa morale s?est presque toujours référée à l?idée d?obligation, de sanction et de modèle. Penseur critique de l?évolution, Guyau propose de repenser la morale à l?aune de l?exigence vitale, et estime que, bien comprise, la puissance anomique de la vie engendre une diversité des formes de l?obligation. Croisant et éprouvant les traditions morales plusieurs fois millénaires, l?auteur de l?Esquisse d?une morale sans obligation ni sanction tente de montrer qu?une morale est encore possible à l?heure de la « mort de Dieu » et de la sélection naturelle. Mais il faut pour cela reconsidérer l?évolutionnisme et l?élargir pour inclure ce qu?il semblait d?abord nier : la fécondité. Récusant tout réductionnisme, Guyau est le précurseur d?une complexité éthique que notre époque redécouvre, et ambitionne une éducation destinée à cultiver harmonieusement toutes les formes de la fécondité. L?éthique de l?avenir, s?il en est, sera résolument plurielle et sans modèle. Ethics philosophy always used the concepts of obligation, sanction, and of ethical models. Guyau, being a critical thinker of the idea of evolution, suggests that ethics should be considered in light of a vital imperative. He also deems that - if correctly understood- the anomic capacity of life generates a plurality of ways for obligation to manifest itself. 606 $aPhilosophy 606 $aéthique 606 $amorale 606 $aanomie 606 $asolidarité 606 $aévolutionnisme 606 $aépicurisme 606 $akantisme 606 $aphilosophie de l?éducation 606 $asuggestion 615 4$aPhilosophy 615 4$aéthique 615 4$amorale 615 4$aanomie 615 4$asolidarité 615 4$aévolutionnisme 615 4$aépicurisme 615 4$akantisme 615 4$aphilosophie de l?éducation 615 4$asuggestion 700 $aMuller$b Laurent$01457231 801 0$bFR-FrMaCLE 906 $aBOOK 912 $a9910495949303321 996 $aJean-Marie Guyau ou l?éthique sans modèle$93657857 997 $aUNINA